Optimal Tourism Development (Record no. 50763)

MARC details
000 -LEADER
fixed length control field 02430nam a2200253Ia 4500
000 - LEADER
fixed length control field 04421naaa 00901uu
001 - CONTROL NUMBER
control field https://directory.doabooks.org/handle/20.500.12854/69335
005 - DATE AND TIME OF LATEST TRANSACTION
control field 20260218105903.0
008 - FIXED-LENGTH DATA ELEMENTS--GENERAL INFORMATION
fixed length control field 211013s9999 xx 000 0 und d
020 ## - INTERNATIONAL STANDARD BOOK NUMBER
International Standard Book Number 9783039436910
024 ## - OTHER STANDARD IDENTIFIER
Standard number or code 10.3390/books978-3-03943-692-7
042 ## - AUTHENTICATION CODE
Authentication code dc
245 #0 - TITLE STATEMENT
Title Optimal Tourism Development
260 ## - PUBLICATION, DISTRIBUTION, ETC.
Place of publication, distribution, etc. Basel, Switzerland
Name of publisher, distributor, etc. MDPI - Multidisciplinary Digital Publishing Institute
Date of publication, distribution, etc. 2020
300 ## - PHYSICAL DESCRIPTION
Extent 1 electronic resource (186 p.)
520 ## - SUMMARY, ETC.
Summary, etc. The early days of tourism development had a naive vision of tourism's 2019;s impacts on society in terms of economic, social, and environmental benefits. Time has passed, and we have learnt lessons regarding the success and failure of tourism development. Mass tourism development has pros and cons and is not necessarily the optimal development model. Alternative development strategies should be contemplated. This Special Issue deals with different topics concerning optimal tourism development. Destination management requires further understanding of different issues, such as carrying capacity, income-based optimal supply size, identification and development of optimal market niches, and adaptation or environmental protection strategies. Tourism planning is concerned with the role of economies of agglomeration, i.e., the advantages of spatial clusters vs scattered development. Additionally, support for and investment in innovation, accessibility, and mobility are relevant nowadays. From the stakeholders's 2019; perspective, it is relevant to discuss ways of cooperating and sources of conflicts among different sectors and actors, governance and incentives for sustainable tourism practices, and equity and economic distribution of benefits. Finally, the development of methodological tools for the assessment of optimal tourism development is necessary for policy making, in particular the development of methods that are capable of integrating economic, environmental, and social criteria.
540 ## - TERMS GOVERNING USE AND REPRODUCTION NOTE
Terms governing use and reproduction Creative Commons
653 ## - INDEX TERM--UNCONTROLLED
Uncontrolled term corporate social responsibility
700 1# - ADDED ENTRY--PERSONAL NAME
Personal name Campos-Soria, Juan A.
700 1# - ADDED ENTRY--PERSONAL NAME
Personal name Campos-Soria, Juan A.
856 ## - ELECTRONIC LOCATION AND ACCESS
Uniform Resource Identifier <a href="https://docs.google.com/spreadsheets/d/1yKIrdCPDAG_9c22mwoOIO2DOhtj65Wqa/edit?usp=sharing&ouid=106555315294820607512&rtpof=true&sd=true ">https://docs.google.com/spreadsheets/d/1yKIrdCPDAG_9c22mwoOIO2DOhtj65Wqa/edit?usp=sharing&ouid=106555315294820607512&rtpof=true&sd=true </a>
Link text List of Curated E-Books
942 ## - ADDED ENTRY ELEMENTS (KOHA)
Koha item type E-Book
Holdings
Withdrawn status Source of classification or shelving scheme Damaged status Not for loan Home library Current library Date acquired Total Checkouts Date last seen Price effective from Koha item type
  Library of Congress Classification   Not For Loan Directory of Open Access Books Directory of Open Access Books 12/22/2021   12/22/2021 12/22/2021 E-Book

University of Rizal System
Email us at univlibservices@urs.edu.ph

Visit our Website www.urs.edu.ph/library